Análisis numérico.

Bibliographic Details
Main Authors: Burden, Richard L., Faires, J. Douglas
Format: Section = Libro
Language:Undetermined
Spanish
Published: México Iberoamérica 1985
Subjects:
LEADER 00656nam a2200241Ia 4500
008 241007s9999||||xx |||||||||||||| ||und||
020 |a 968-7270-09-8 
040 |a BIBLIOTECA-RURC/ 511.7 B949 
041 |a spa 
082 |a 511.7 B949 
100 1 |a Burden, Richard L. 
100 1 |b Faires, J. Douglas 
100 1 |c Faires, J. Douglas 
245 1 0 |a Análisis numérico. 
260 |a México  |b Iberoamérica  |c 1985 
300 |a 732 p. :il. 
650 7 |a ECUACIONES DE UNA VARIABLE 
650 7 |b INTEGRACION NUMERICA 
650 7 |c  TEORIA DE APROXIMACION 
650 7 |d  SISTEMAS LINEALES Y NO LINEALES 
942 |c BK  |2 ddc 
991 |a TEXTO 
999 |c 14336